[Event "10. Forchheimer Sparkassen Open"]
[Site "Forchheim"]
[Date "2011.10.09"]
[Round "4.42"]
[White "Winkler, Stefan"]
[Black "Schütz, Robert"]
[Result "0-1"]
[WhiteElo "1901"]
[BlackElo "1616"]
[PlyCount "112"]
[EventDate "2011.??.??"]
[WhiteTeam "SC Starnberg"]
[BlackTeam "SC Forchheim e.V."]

1. e4 {[%emt 0:00:00]} e6 2. d4 d5 3. Nd2 c5 4. exd5 Qxd5 5. Nb3 cxd4 6. Nxd4
a6 7. Be3 Nf6 8. Ngf3 Bd7 9. Bd3 Nc6 10. O-O e5 11. Nxc6 Bxc6 12. Qe2 e4 13.
Bc4 exf3 14. Bxd5 fxe2 15. Bxc6+ bxc6 16. Rfe1 O-O-O 17. Rxe2 Bd6 18. Bg5 Rde8
19. Rxe8+ Nxe8 20. Rd1 h6 21. Be3 Be7 22. Rd3 Nf6 23. c4 Rd8 24. Rxd8+ Kxd8 25.
Kf1 Ng4 26. Bb6+ Kd7 27. f3 Ne5 28. Bd4 Bf6 29. b3 Ke6 30. Ke2 Nd7 31. Be3 g5
32. Kd3 Be5 33. h3 f5 34. Bf2 Bf6 35. Be3 Ne5+ 36. Ke2 Ng6 37. Kf2 Bc3 38. Ke2
Nh4 39. g3 Ng6 40. Kf2 f4 41. Bc1 fxg3+ 42. Kxg3 Kf5 43. Be3 Be5+ 44. Kg2 Nf4+
45. Kf1 Nxh3 46. Kg2 Nf4+ 47. Kf2 Ne6 48. Kg2 Bd4 49. Bd2 h5 50. Kh2 Be5+ 51.
Kg2 h4 52. Be3 Nf4+ 53. Kf1 h3 54. Bf2 g4 55. fxg4+ Kxg4 56. a4 Bd4 0-1

[Event "10. Forchheimer Sparkassen Open"]
[Site "Forchheim"]
[Date "2011.10.09"]
[Round "4.43"]
[White "Wichmann, Adrian"]
[Black "Sivaji, Siva"]
[Result "1/2-1/2"]
[WhiteElo "1599"]
[BlackElo "1890"]
[PlyCount "45"]
[EventDate "2011.??.??"]
[WhiteTeam "SV Seubelsdorf"]
[BlackTeam "SK Luzern"]

1. e4 {[%emt 0:00:00]} c5 2. c3 d6 3. d4 cxd4 4. cxd4 Nf6 5. Nc3 a6 6. Nf3 Bg4
7. Bc4 e6 8. O-O b5 9. Bd3 Nc6 10. Be3 Be7 11. a3 h6 12. Rc1 Na5 13. Nb1 d5 14.
exd5 Nxd5 15. b4 Nb7 16. Be4 Nd6 17. Bxd5 exd5 18. h3 Bxf3 19. Qxf3 Nc4 20. Bf4
Bf6 21. Rfe1+ Kf8 22. Be5 Be7 23. Bf4 1/2-1/2

[Event "10. Forchheimer Sparkassen Open"]
[Site "Forchheim"]
[Date "2011.10.09"]
[Round "4.44"]
[White "Müller, Constantin"]
[Black "Petermann, Jan"]
[Result "1/2-1/2"]
[WhiteElo "1868"]
[BlackElo "1597"]
[PlyCount "103"]
[EventDate "2011.??.??"]
[WhiteTeam "Schachklub München Südost e.V."]
[BlackTeam "SV Puschendorf 1949 e.V."]

1. Nf3 {[%emt 0:00:00]} Nf6 2. g3 e6 3. Bg2 d5 4. d3 c5 5. Nbd2 Nc6 6. O-O Bd6
7. e4 Qc7 8. Re1 O-O 9. Qe2 e5 10. exd5 Nxd5 11. c3 Bf5 12. Ng5 Nf6 13. Nde4
Nxe4 14. Nxe4 Be7 15. Be3 b6 16. h4 Rad8 17. Rad1 Qc8 18. h5 Bg4 19. Bf3 Bxf3
20. Qxf3 f5 21. Nd2 Rxd3 22. Nc4 Rfd8 23. Rxd3 Rxd3 24. Rd1 e4 25. Qe2 Qd7 26.
Rf1 Qe6 27. Nd2 Ne5 28. Kg2 Qxa2 29. f3 Qxb2 30. fxe4 fxe4 31. Bf4 Qc2 32. Rf2
e3 33. Bxe3 Qxc3 34. Bf4 Bf6 35. Qe4 Rd8 36. Re2 Qd4 37. Qxd4 Rxd4 38. Bxe5
Rxd2 39. Rxd2 Bxe5 40. Rd8+ Kf7 41. Rd7+ Kf6 42. Rxa7 c4 43. Rb7 Bd4 44. Kf3
Bc5 45. Ke4 h6 46. g4 g6 47. hxg6 Kxg6 48. Rc7 Kg5 49. Rc6 c3 50. Kd3 Kxg4 51.
Rxh6 Kg5 52. Rxb6 1/2-1/2

[Event "10. Forchheimer Sparkassen Open"]
[Site "Forchheim"]
[Date "2011.10.09"]
[Round "4.45"]
[White "Wegmann, Sven"]
[Black "Thürauf, Peter"]
[Result "1/2-1/2"]
[WhiteElo "1597"]
[BlackElo "1863"]
[PlyCount "99"]
[EventDate "2011.??.??"]
[WhiteTeam "SC Erlangen 48/88 e.V."]
[BlackTeam "SW Nürnberg Süd e.V."]

1. e4 {[%emt 0:00:00]} c5 2. Nf3 e6 3. d4 cxd4 4. Nxd4 Nf6 5. Nc3 d6 6. Be2 Be7
7. Be3 Nc6 8. O-O O-O 9. f4 Qc7 10. Qe1 e5 11. fxe5 dxe5 12. Nb3 Nb4 13. Rc1
Be6 14. Qg3 Kh8 15. Nd4 Bd7 16. a3 Nc6 17. Ncb5 Qb8 18. Nf5 Bxf5 19. exf5 a6
20. Nc3 Qc7 21. Bf3 Na5 22. Be2 Rac8 23. Qf3 b5 24. Rb1 Nc4 25. Bc1 Nxa3 26.
Ra1 Nxc2 27. Rxa6 Nd4 28. Qd3 b4 29. Nb5 Nxe2+ 30. Qxe2 Qc4 31. Qxc4 Rxc4 32.
Nd6 Bxd6 33. Rxd6 Rfc8 34. Bd2 Ne4 35. Rd5 Nxd2 36. Rxd2 Kg8 37. Re1 Rc1 38.
Rxc1 Rxc1+ 39. Kf2 Kf8 40. Re2 f6 41. Kf3 Rc4 42. Re4 Rxe4 43. Kxe4 Ke7 44. Kd3
b3 45. Kc4 Kd6 46. Kxb3 Kc5 47. Kc3 Kb5 48. Kb3 Kc5 49. Kc3 Kb5 50. Kb3 1/2-1/2

[Event "10. Forchheimer Sparkassen Open"]
[Site "Forchheim"]
[Date "2011.10.09"]
[Round "4.46"]
[White "Mehling, Katharina"]
[Black "Heunemann, Dieter"]
[Result "1/2-1/2"]
[WhiteElo "1581"]
[BlackElo "1861"]
[PlyCount "153"]
[EventDate "2011.??.??"]
[WhiteTeam "Spvgg 1946 e.V. Stetten"]
[BlackTeam "SV Jenapharm Jena"]

1. d4 {[%emt 0:00:00]} c5 2. d5 e5 3. e4 d6 4. Nc3 Be7 5. Bd3 Bg5 6. Nge2 Bxc1
7. Qxc1 Nf6 8. O-O a6 9. a4 Nbd7 10. Ng3 O-O 11. Nf5 Ne8 12. a5 g6 13. Ng3 Qh4
14. Qe3 Ng7 15. Nce2 Nf6 16. f3 Bd7 17. Qd2 Rac8 18. c4 Nfh5 19. Qc2 Kh8 20.
Qb3 Rb8 21. Qb6 Qe7 22. b4 f5 23. bxc5 Nxg3 24. hxg3 dxc5 25. Kf2 Rf6 26. Qc7
Rff8 27. Rab1 Rfc8 28. Qb6 fxe4 29. Bxe4 Ne8 30. Qb2 Nd6 31. Bd3 Kg8 32. Nc3
Rf8 33. Qc2 Qg5 34. Ne4 Nxe4+ 35. Bxe4 Rf6 36. Rh1 b5 37. axb6 Rfxb6 38. Rxb6
Rxb6 39. Rd1 Rb4 40. Qe2 a5 41. Ra1 a4 42. Ra2 Kf8 43. Bd3 Kg7 44. Qe3 Qxe3+
45. Kxe3 Kf6 46. Kd2 Bc8 47. Kc2 h6 48. Rb2 g5 49. Kc3 Rxb2 50. Kxb2 h5 51. Ka3
Bd7 52. Bc2 h4 53. g4 e4 54. fxe4 Ke5 55. Bxa4 Bxg4 56. Kb2 Be2 57. Bd7 Bxc4
58. Kc3 Bf1 59. Bh3 Be2 60. Bf5 g4 61. Bc8 Bf1 62. Bxg4 Bxg2 63. Bf5 h3 64.
Bxh3 Bxe4 65. Kc4 Kd6 66. Be6 Bb1 67. Kc3 Ba2 68. Kd3 Bxd5 69. Bxd5 Kxd5 70.
Kc3 c4 71. Kc2 Kd4 72. Kd2 c3+ 73. Kc2 Kc4 74. Kc1 Kb3 75. Kb1 c2+ 76. Kc1 Kc4
77. Kxc2 1/2-1/2

[Event "10. Forchheimer Sparkassen Open"]
[Site "Forchheim"]
[Date "2011.10.09"]
[Round "4.47"]
[White "Pokorny, Klaus"]
[Black "Askri, Samir"]
[Result "1-0"]
[WhiteElo "1841"]
[BlackElo "1594"]
[PlyCount "67"]
[EventDate "2011.??.??"]
[WhiteTeam "TSV Kirchehrenbach"]
[BlackTeam "SG Siemens Amberg"]

1. c4 {[%emt 0:00:00]} Nf6 2. Nc3 g6 3. Nf3 Bg7 4. e4 d6 5. d4 O-O 6. Be2 e5 7.
O-O Nc6 8. d5 Ne7 9. Nd2 Nd7 10. b4 f5 11. Nb3 f4 12. Ba3 Nf6 13. Rc1 Rf7 14.
f3 g5 15. c5 Ng6 16. Rc2 Bf8 17. Qc1 g4 18. cxd6 cxd6 19. Nb5 gxf3 20. Rxf3 Bg4
21. Nc7 Rc8 22. Ne6 Qb6+ 23. Kf1 Rxc2 24. Qxc2 Bxf3 25. gxf3 Nh4 26. b5 Ne8 27.
Qc8 Nc7 28. Nbc5 Nxe6 29. Nxe6 Rf6 30. Nxf8 Rxf8 31. Qe6+ Kh8 32. Bxd6 Ng6 33.
Bxf8 Nxf8 34. Qxe5+ 1-0

[Event "10. Forchheimer Sparkassen Open"]
[Site "Forchheim"]
[Date "2011.10.09"]
[Round "4.50"]
[White "Üstün, Engin"]
[Black "Wichmann, Jörg"]
[Result "1-0"]
[WhiteElo "1781"]
[BlackElo "1363"]
[PlyCount "67"]
[EventDate "2011.??.??"]
[WhiteTeam "SF Windheim e.V."]
[BlackTeam "TSV Untersiemau"]

1. e4 {[%emt 0:00:00]} e6 2. d4 d5 3. Nd2 c5 4. Ngf3 cxd4 5. Nxd4 Bd7 6. exd5
exd5 7. Bd3 Nc6 8. N2f3 Bc5 9. Be3 Nxd4 10. Bxd4 Bxd4 11. Nxd4 Qe7+ 12. Qe2
Qxe2+ 13. Bxe2 Nf6 14. O-O-O O-O-O 15. Rhe1 Rhe8 16. Nb5 Bxb5 17. Bxb5 Rxe1 18.
Rxe1 a6 19. Ba4 b5 20. Bb3 Kd7 21. f3 Kd6 22. Kd2 Re8 23. Rxe8 Nxe8 24. Kc3 Kc5
25. a4 b4+ 26. Kd3 f6 27. c3 a5 28. cxb4+ axb4 29. Bc2 g6 30. Ke3 Nd6 31. b3
Nb7 32. h4 d4+ 33. Kd2 Kd5 34. Be4+ 1-0

[Event "10. Forchheimer Sparkassen Open"]
[Site "Forchheim"]
[Date "2011.10.09"]
[Round "4.51"]
[White "Daumin, Jan"]
[Black "Walter, Manfred"]
[Result "0-1"]
[WhiteElo "1429"]
[BlackElo "1736"]
[PlyCount "76"]
[EventDate "2011.??.??"]
[WhiteTeam "SV Lauf a.d.P."]
[BlackTeam "SV Lauf a.d.P."]

1. e4 {[%emt 0:00:00]} d6 2. d4 Nf6 3. Nc3 e5 4. d5 Be7 5. Be3 O-O 6. Bd3 Ng4
7. Bd2 a6 8. h3 Nf6 9. Nf3 b5 10. g4 Nbd7 11. g5 Ne8 12. Ne2 Nc5 13. Be3 f6 14.
g6 hxg6 15. Qd2 Bd7 16. O-O-O c6 17. c4 Nxd3+ 18. Qxd3 Qa5 19. Bd2 Qxa2 20. Nc3
Qxc4 21. Qxc4 bxc4 22. h4 Bg4 23. Nxe5 dxe5 24. Rdg1 f5 25. Rg3 Nf6 26. f3 Nh5
27. Rgg1 Bxf3 28. Rh3 Bg4 29. Rh2 Bb4 30. dxc6 Bxc3 31. Bxc3 Nf4 32. Re1 Nd3+
33. Kd2 Nxe1 34. Kxe1 Rad8 35. c7 Rd7 36. Bb4 Rc8 37. exf5 Rd1+ 38. Kf2 Rxc7
0-1

[Event "10. Forchheimer Sparkassen Open"]
[Site "Forchheim"]
[Date "2011.10.09"]
[Round "4.52"]
[White "Seifert, Heinz"]
[Black "Schmidt, Tobias"]
[Result "1-0"]
[WhiteElo "1562"]
[BlackElo "1690"]
[PlyCount "81"]
[EventDate "2011.??.??"]
[WhiteTeam "1.FC Schwarzenfeld e.V."]
[BlackTeam "SC Tamm 74"]

1. e4 {[%emt 0:00:00]} e6 2. d4 d5 3. Nc3 Bb4 4. Nge2 Ne7 5. a3 Bxc3+ 6. Nxc3
O-O 7. Bd3 Nbc6 8. Be3 Kh8 9. Qh5 g6 10. Qh4 dxe4 11. Qf6+ Kg8 12. Bxe4 Nf5 13.
Qxd8 Rxd8 14. Bxf5 exf5 15. O-O-O a6 16. Rhe1 Na7 17. Bg5 Rd7 18. Bf6 Kf8 19.
Bg5 Kg7 20. Re8 f6 21. Bd2 b6 22. Rde1 Bb7 23. R1e7+ Rxe7 24. Rxe7+ Kg8 25. f3
Rc8 26. d5 Rb8 27. Bf4 Nb5 28. Nxb5 axb5 29. Bxc7 Rf8 30. d6 Bc6 31. d7 Bxd7
32. Rxd7 Re8 33. Bxb6 Re2 34. Rd2 Re1+ 35. Rd1 Re2 36. Rd5 Rxg2 37. Rxb5 Rxh2
38. c4 Rh3 39. c5 Rxf3 40. c6 Rf4 41. Rc5 1-0

[Event "10. Forchheimer Sparkassen Open"]
[Site "Forchheim"]
[Date "2011.10.09"]
[Round "4.53"]
[White "Kliem, Klaus-Peter"]
[Black "Wiemann, Daniel"]
[Result "1-0"]
[WhiteElo "1688"]
[BlackElo "959"]
[PlyCount "85"]
[EventDate "2011.??.??"]
[WhiteTeam "SF Oeffingen e.V."]
[BlackTeam "SV Seubelsdorf"]

1. d4 {[%emt 0:00:00]} d5 2. Nf3 Nf6 3. e3 e6 4. Bd3 g6 5. O-O Bg7 6. Nbd2 Nc6
7. c3 b6 8. Bb5 Bb7 9. Ne5 Qd6 10. Qa4 Nd7 11. Bxc6 Bxc6 12. Nxc6 a5 13. b4 O-O
14. b5 h5 15. Ba3 Nc5 16. dxc5 bxc5 17. Rac1 Qd7 18. Bxc5 Rfc8 19. Ne7+ Kh7 20.
Nxc8 Rxc8 21. Rfd1 Rb8 22. Rb1 Ra8 23. c4 Bc3 24. Ne4 Bg7 25. cxd5 exd5 26.
Ng5+ Kh6 27. Qf4 f6 28. Nf3+ g5 29. Qd4 f5 30. Qxd5 Qxd5 31. Rxd5 Rb8 32. Rxf5
c6 33. b6 a4 34. Rxg5 Bf6 35. Rf5 Bg7 36. Nd4 Bxd4 37. Bxd4 a3 38. Rf6+ Kh7 39.
Rxc6 Kg8 40. Rc7 Kf8 41. Rb5 Ke8 42. Rxh5 Kd8 43. Rh8# 1-0

[Event "10. Forchheimer Sparkassen Open"]
[Site "Forchheim"]
[Date "2011.10.09"]
[Round "4.55"]
[White "Van Ginkel, Pieter"]
[Black "Gebhardt, Christian"]
[Result "1-0"]
[WhiteElo "2170"]
[BlackElo "1593"]
[PlyCount "46"]
[EventDate "2011.??.??"]
[WhiteTeam "SW Nürnberg Süd e.V."]
[BlackTeam "SV Seubelsdorf"]

1. d4 {[%emt 0:00:00]} Nf6 2. c4 g6 3. Nc3 d5 4. Nf3 Bg7 5. Bg5 Ne4 6. cxd5
Nxc3 7. bxc3 Qxd5 8. e3 Be6 9. Be2 c5 10. O-O Nc6 11. c4 Qd8 12. d5 Bxa1 13.
Qxa1 f6 14. dxe6 Qd6 15. Bf4 Qxe6 16. Nd2 O-O 17. Bf3 Rad8 18. Qc3 Kg7 19. Ne4
b6 20. Ng5 Qf5 21. Bxc6 Rd3 22. Qb2 Rfd8 23. Be4 Rd1 1-0

[Event "10. Forchheimer Sparkassen Open"]
[Site "Forchheim"]
[Date "2011.10.09"]
[Round "4.56"]
[White "Gentner, Markus"]
[Black "Braun, Kristin"]
[Result "1-0"]
[WhiteElo "1948"]
[BlackElo "1581"]
[PlyCount "67"]
[EventDate "2011.??.??"]
[WhiteTeam "SC Murrhardt 1948 e.V."]
[BlackTeam "SC Forchheim e.V."]

1. Nf3 {[%emt 0:00:00]} Nf6 2. d4 g6 3. c4 Bg7 4. Nc3 O-O 5. e4 d6 6. Be3 Nbd7
7. Be2 Re8 8. h3 c5 9. Qd2 b6 10. O-O-O Bb7 11. d5 e6 12. Nh2 exd5 13. exd5 Qe7
14. Bg5 Qf8 15. Rde1 h6 16. Be3 Ba6 17. Ng4 h5 18. Nxf6+ Nxf6 19. Bd3 Kh7 20.
g4 Re7 21. gxh5 Nxh5 22. Qd1 Nf6 23. h4 Bh6 24. h5 Bxe3+ 25. fxe3 Kg8 26. hxg6
fxg6 27. Bxg6 Bxc4 28. Reg1 Rg7 29. Qf3 Qe7 30. e4 Rf8 31. Qh3 Nh7 32. Bxh7+
Kf7 33. Qh5+ Kf6 34. Qf5# 1-0

[Event "10. Forchheimer Sparkassen Open"]
[Site "Forchheim"]
[Date "2011.10.09"]
[Round "4.57"]
[White "Peiberg, Ehrhard"]
[Black "Boudkeev, Timour"]
[Result "0-1"]
[WhiteElo "1594"]
[BlackElo "1874"]
[PlyCount "100"]
[EventDate "2011.??.??"]
[WhiteTeam "SC Erlangen 48/88 e.V."]
[BlackTeam "Schachgesellschaft Zürich"]

1. d4 {[%emt 0:00:00]} Nf6 2. c4 g6 3. Nc3 Bg7 4. e4 d6 5. Be2 O-O 6. Bg5 Nbd7
7. Nf3 Re8 8. O-O Nf8 9. Qd2 Ne6 10. Bh6 Bh8 11. h3 b6 12. b4 c5 13. dxc5 dxc5
14. Qxd8 Rxd8 15. b5 Bb7 16. e5 Ne4 17. Nxe4 Bxe4 18. Rfe1 Bd3 19. Bxd3 Rxd3
20. Rac1 Bg7 21. Bxg7 Kxg7 22. Red1 Rad8 23. Rxd3 Rxd3 24. Kf1 Nd4 25. Nxd4
Rxd4 26. Ke2 Re4+ 27. Kf3 Rd4 28. Rc2 g5 29. g4 Kg6 30. Rc3 h5 31. a3 Rf4+ 32.
Kg3 h4+ 33. Kg2 f6 34. exf6 exf6 35. f3 f5 36. Kf2 fxg4 37. hxg4 Kf6 38. Kg2
Ke5 39. a4 Kd4 40. Rc1 Kd3 41. Rd1+ Kxc4 42. Rd7 Kb3 43. Rxa7 Rxa4 44. Rb7 c4
45. Rxb6 c3 46. Rc6 Rb4 47. b6 c2 48. f4 Rxf4 49. b7 Rxg4+ 50. Kh3 Rb4 0-1

[Event "10. Forchheimer Sparkassen Open"]
[Site "Forchheim"]
[Date "2011.10.09"]
[Round "4.58"]
[White "Wissel, Florian"]
[Black "Killmann, Martin"]
[Result "0-1"]
[WhiteElo "1593"]
[BlackElo "1851"]
[PlyCount "80"]
[EventDate "2011.??.??"]
[WhiteTeam "Schachfreunde Sailauf"]
[BlackTeam "SC Forchheim e.V."]

1. d4 {[%emt 0:00:00]} d5 2. Nf3 Nf6 3. c4 dxc4 4. Nc3 c6 5. a4 Bf5 6. e3 e6 7.
Bxc4 Bb4 8. O-O O-O 9. Bd3 Qa5 10. Qc2 Bxd3 11. Qxd3 Nbd7 12. e4 h6 13. Bf4
Rfd8 14. Rfd1 Bxc3 15. bxc3 Nc5 16. Qb1 Ncxe4 17. Qxb7 Nd5 18. Ne5 Nd6 19. Qb2
Nxf4 20. Nxc6 Qg5 21. g3 Nh3+ 22. Kg2 Qd5+ 23. Kxh3 Qxc6 24. Qc2 Qe4 25. Qd2 g5
26. Qd3 g4+ 27. Kh4 Nf5+ 28. Kh5 Ng7+ 29. Kh4 Qxd3 30. Rxd3 h5 31. f3 f5 32. c4
gxf3 33. Rxf3 Rxd4+ 34. Rf4 e5 35. Rxd4 exd4 36. Rd1 Rd8 37. c5 Kf7 38. c6 Ne6
39. Rc1 Nc7 40. Kxh5 Ne6 0-1

[Event "10. Forchheimer Sparkassen Open"]
[Site "Forchheim"]
[Date "2011.10.09"]
[Round "4.59"]
[White "Nitzsche, Pia"]
[Black "Unkelbach, Manfred"]
[Result "0-1"]
[WhiteElo "1565"]
[BlackElo "1798"]
[PlyCount "62"]
[EventDate "2011.??.??"]
[WhiteTeam "Chemnitzer SC Aufbau`95"]
[BlackTeam "SC-SF 1957 Stockstadt"]

1. c4 {[%emt 0:00:00]} c6 2. Nc3 d5 3. cxd5 cxd5 4. d4 Nf6 5. Nf3 Nc6 6. Bf4 e6
7. e3 Bd6 8. Bxd6 Qxd6 9. a3 O-O 10. Bd3 Bd7 11. Rc1 Rac8 12. O-O Na5 13. Ne5
a6 14. Qe2 b5 15. b4 Nc4 16. Bxc4 dxc4 17. Qf3 Bc6 18. Qg3 Ne4 19. Nxe4 Bxe4
20. Rc3 Bb7 21. Qh3 Rcd8 22. Rd1 Qxe5 23. Rcc1 Qe4 24. Qg3 Rd5 25. Rc3 Rd7 26.
Rcc1 Rfd8 27. h3 h6 28. Kh2 e5 29. Kg1 exd4 30. exd4 Rxd4 31. Re1 Qc6 0-1

[Event "10. Forchheimer Sparkassen Open"]
[Site "Forchheim"]
[Date "2011.10.09"]
[Round "4.60"]
[White "Mehling, Franziska"]
[Black "Gunnarsson, Leif"]
[Result "1/2-1/2"]
[WhiteElo "1532"]
[BlackElo "1783"]
[PlyCount "52"]
[EventDate "2011.??.??"]
[WhiteTeam "Spvgg 1946 e.V. Stetten"]

1. d4 {[%emt 0:00:00]} Nf6 2. c4 e5 3. dxe5 Ng4 4. Bf4 g5 5. Bg3 Bg7 6. Nf3 Nc6
7. e3 Ngxe5 8. Nxe5 Nxe5 9. Qc2 d6 10. Be2 Be6 11. Nd2 Qd7 12. Nf3 Nxf3+ 13.
Bxf3 O-O 14. Rc1 g4 15. Be2 Qc6 16. O-O Rae8 17. Bd3 f5 18. b4 Be5 19. Bxe5
dxe5 20. c5 Bc8 21. Bc4+ Kg7 22. Qc3 Qf6 23. b5 f4 24. exf4 exf4 25. Qxf6+ Rxf6
26. Rfe1 Ref8 1/2-1/2

[Event "10. Forchheimer Sparkassen Open"]
[Site "Forchheim"]
[Date "2011.10.09"]
[Round "4.61"]
[White "Seuberth, Ludwig"]
[Black "Junk, Philipp"]
[Result "0-1"]
[WhiteElo "1530"]
[BlackElo "1758"]
[PlyCount "48"]
[EventDate "2011.??.??"]
[WhiteTeam "SC Forchheim e.V."]
[BlackTeam "SC Noris-Tarrasch Nürnberg 1873"]

1. d4 {[%emt 0:00:00]} Nf6 2. c4 e5 3. dxe5 Ng4 4. Nf3 Bc5 5. e3 Nc6 6. Nd4
Ngxe5 7. Nxc6 Nxc6 8. Bd3 b6 9. a3 a5 10. Nc3 Bb7 11. O-O Qh4 12. Nd5 Bd6 13.
g3 Qh3 14. Be4 h5 15. Bg2 Qe6 16. h4 O-O-O 17. Qf3 Rdg8 18. b4 g5 19. b5 Nd8
20. Kh1 gxh4 21. gxh4 Qe5 22. Qh3 Qxa1 23. Bd2 Qa2 24. Nf6 Bxg2+ 0-1

[Event "10. Forchheimer Sparkassen Open"]
[Site "Forchheim"]
[Date "2011.10.09"]
[Round "4.62"]
[White "Wettermann, Bernd"]
[Black "Shen, Julian"]
[Result "1-0"]
[WhiteElo "1753"]
[BlackElo "1363"]
[PlyCount "69"]
[EventDate "2011.??.??"]
[WhiteTeam "FC Konradsreuth"]
[BlackTeam "SK Rothenburg e.V."]

1. e4 {[%emt 0:00:00]} d5 2. exd5 Qxd5 3. Nc3 Qd6 4. d4 c6 5. Bc4 Nf6 6. Be3
Bf5 7. Nge2 e6 8. Ng3 Bg6 9. h4 h6 10. Bd3 Bxd3 11. Qxd3 Nbd7 12. O-O-O Qc7 13.
Nge4 Bd6 14. f3 O-O-O 15. Na4 Nd5 16. Bd2 f5 17. Nxd6+ Qxd6 18. g3 Rhg8 19. f4
N5f6 20. Ba5 Rde8 21. Qb3 Ne4 22. Rd3 Nf2 23. Rhd1 Nxd1 24. Rxd1 Qd5 25. Qc3 g5
26. hxg5 hxg5 27. Nc5 Nxc5 28. dxc5 Qg2 29. Qe5 Re7 30. Qd6 b6 31. Qxe7 Qe4 32.
cxb6 axb6 33. Bxb6 Kb8 34. Qc7+ Ka8 35. Qa7# 1-0

[Event "10. Forchheimer Sparkassen Open"]
[Site "Forchheim"]
[Date "2011.10.09"]
[Round "4.63"]
[White "Diller, Andreas"]
[Black "Myagkov, Kirill"]
[Result "1/2-1/2"]
[WhiteElo "1502"]
[BlackElo "1748"]
[PlyCount "26"]
[EventDate "2011.??.??"]
[WhiteTeam "SK Rothenburg e.V."]
[BlackTeam "SC Noris-Tarrasch Nürnberg 1873"]

1. e4 {[%emt 0:00:00]} e5 2. f4 d5 3. exd5 exf4 4. Nf3 Bg4 5. Bb5+ c6 6. dxc6
Nxc6 7. Bxc6+ bxc6 8. O-O Bc5+ 9. Kh1 Ne7 10. d3 Nd5 11. d4 Be7 12. Nc3 Ne3 13.
Bxe3 fxe3 1/2-1/2

[Event "10. Forchheimer Sparkassen Open"]
[Site "Forchheim"]
[Date "2011.10.09"]
[Round "4.65"]
[White "Siegl, Melina"]
[Black "Held, Werner"]
[Result "1-0"]
[WhiteElo "1735"]
[BlackElo "1300"]
[PlyCount "65"]
[EventDate "2011.??.??"]
[WhiteTeam "SW Nürnberg Süd e.V."]
[BlackTeam "Spvg Zabo-Eintracht Nürnberg e.V"]

1. e4 {[%emt 0:00:00]} e5 2. Nf3 Nf6 3. Nxe5 Nxe4 4. d4 d6 5. Nf3 Nc6 6. Bd3
Bf5 7. c3 Qe7 8. O-O O-O-O 9. Re1 Re8 10. d5 Nb8 11. Nbd2 Qd8 12. Nxe4 Bg4 13.
Bf4 h5 14. h3 Bd7 15. Qc2 f6 16. h4 Be7 17. b4 Rhg8 18. c4 g5 19. hxg5 fxg5 20.
Nexg5 Bxg5 21. Rxe8 Bxe8 22. Nxg5 Qf6 23. Bf5+ Bd7 24. Bxd7+ Nxd7 25. Qc1 Nb6
26. Rb1 Nd7 27. Ne6 h4 28. Rb3 Qg6 29. g3 h3 30. Kh2 Qe4 31. Qf1 Rh8 32. Re3
Qxc4 33. Qxc4 1-0

[Event "10. Forchheimer Sparkassen Open"]
[Site "Forchheim"]
[Date "2011.10.09"]
[Round "4.66"]
[White "Gründel, Johannes"]
[Black "Hummel, Thomas"]
[Result "0-1"]
[WhiteElo "1436"]
[BlackElo "1734"]
[PlyCount "46"]
[EventDate "2011.??.??"]
[WhiteTeam "SC Forchheim e.V."]
[BlackTeam "TSV Dietfurt/Altm. e.V."]

1. e4 {[%emt 0:00:00]} g6 2. d4 d6 3. Nf3 Bg7 4. Nc3 Nf6 5. Bc4 c6 6. Bg5 Qa5
7. O-O Bg4 8. Bf4 b5 9. Be2 b4 10. e5 Nh5 11. Ne4 Nxf4 12. exd6 e6 13. Nc5 Nd7
14. Qd2 Nxe2+ 15. Qxe2 Nxc5 16. dxc5 Qxc5 17. Rad1 O-O 18. Qe4 Bxf3 19. Qxf3
Rad8 20. d7 Bxb2 21. Rd3 e5 22. Rfd1 Bd4 23. Qxc6 Qxc6 0-1

[Event "10. Forchheimer Sparkassen Open"]
[Site "Forchheim"]
[Date "2011.10.09"]
[Round "4.67"]
[White "Heinlein, Hans-Albert"]
[Black "Wagner, Robert"]
[Result "0-1"]
[WhiteElo "1430"]
[BlackElo "1733"]
[PlyCount "44"]
[EventDate "2011.??.??"]
[WhiteTeam "SF Fürth 1951 e.V."]
[BlackTeam "SC Forchheim e.V."]

1. d4 {[%emt 0:00:00]} d5 2. c4 e6 3. a3 Nf6 4. e3 c6 5. Nc3 Bd6 6. c5 Bc7 7.
f4 b6 8. b4 bxc5 9. bxc5 Ba5 10. Bd2 Bxc3 11. Bxc3 Ne4 12. Bb2 Qa5+ 13. Ke2
Ba6+ 14. Kf3 Bxf1 15. Ne2 Bxe2+ 16. Qxe2 Qd2 17. Qxd2 Nxd2+ 18. Ke2 Ne4 19. Bc1
Nd7 20. Bd2 Nxd2 21. Kxd2 Rb8 22. Ra2 Ke7 0-1

[Event "10. Forchheimer Sparkassen Open"]
[Site "Forchheim"]
[Date "2011.10.09"]
[Round "4.68"]
[White "Kesik, Marco"]
[Black "Dresel, Martin"]
[Result "1-0"]
[WhiteElo "1715"]
[BlackElo "1275"]
[PlyCount "41"]
[EventDate "2011.??.??"]
[WhiteTeam "SV Blau-Gelb 1899 Hosena e.V."]
[BlackTeam "SC Erlangen 48/88 e.V."]

1. d4 {[%emt 0:00:00]} d5 2. c4 e5 3. dxe5 d4 4. Nf3 Nc6 5. Bd2 Bg4 6. Qa4 Qd7
7. Bf4 Nge7 8. Nbd2 Ng6 9. Bg3 Bb4 10. Rd1 O-O-O 11. a3 Bxd2+ 12. Rxd2 Bxf3 13.
gxf3 Ngxe5 14. Bxe5 Nxe5 15. Qxd7+ Rxd7 16. Bh3 Nxc4 17. Rxd4 Nd6 18. Bxd7+
Kxd7 19. O-O Kc8 20. Rc1 Re8 21. Rxd6 1-0

[Event "10. Forchheimer Sparkassen Open"]
[Site "Forchheim"]
[Date "2011.10.09"]
[Round "4.69"]
[White "Wegmann, Simon"]
[Black "Utz, Günther"]
[Result "0-1"]
[WhiteElo "1397"]
[BlackElo "1714"]
[PlyCount "48"]
[EventDate "2011.??.??"]
[WhiteTeam "SC Erlangen 48/88 e.V."]
[BlackTeam "SC Kirchseeon e.V."]

1. e4 {[%emt 0:00:00]} e6 2. d4 d5 3. exd5 exd5 4. Bd3 Bd6 5. Ne2 Nf6 6. Be3
O-O 7. Nd2 c6 8. c3 Qc7 9. Qc2 Re8 10. O-O-O b5 11. b3 Nbd7 12. Ng3 g6 13. Rde1
Ng4 14. h3 Nxe3 15. Rxe3 Rxe3 16. fxe3 Bxg3 17. Nf3 Bb7 18. h4 Nf6 19. Ng5 Ne4
20. Nxe4 dxe4 21. Bxe4 f5 22. Bd3 Re8 23. e4 fxe4 24. Bxe4 Qf4+ 0-1

[Event "10. Forchheimer Sparkassen Open"]
[Site "Forchheim"]
[Date "2011.10.09"]
[Round "4.70"]
[White "Jüschke, Arno"]
[Black "Schilay, Andre"]
[Result "0-1"]
[WhiteElo "1378"]
[BlackElo "1711"]
[PlyCount "70"]
[EventDate "2011.??.??"]
[WhiteTeam "ASV Möhrendorf Schachtreff"]
[BlackTeam "SK Neumarkt e.V."]

1. c4 {[%emt 0:00:00]} c5 2. g3 g6 3. Bg2 Bg7 4. Nc3 Nc6 5. e3 a6 6. Nge2 e5 7.
O-O Nge7 8. a3 Rb8 9. Rb1 b5 10. b3 O-O 11. Bb2 d6 12. Qc1 Be6 13. Nd5 Qd7 14.
Nec3 Bh3 15. Nxe7+ Nxe7 16. Bxh3 Qxh3 17. Ne4 Qd7 18. f4 Qc6 19. Nf2 f6 20. d4
cxd4 21. exd4 bxc4 22. Qxc4+ Qxc4 23. bxc4 exf4 24. g4 f5 25. g5 Rb3 26. Rfd1
Rfb8 27. Rd2 Nc6 28. d5 Ne5 29. Rc2 Nf3+ 30. Kg2 Nh4+ 31. Kf1 Rxb2 32. Rbxb2
Rxb2 33. Rxb2 Bxb2 34. a4 Nf3 35. Kg2 Ne5 0-1

[Event "10. Forchheimer Sparkassen Open"]
[Site "Forchheim"]
[Date "2011.10.09"]
[Round "4.71"]
[White "Schilay, Lorenz"]
[Black "Jahn, Manuel"]
[Result "0-1"]
[WhiteElo "1354"]
[BlackElo "1706"]
[PlyCount "76"]
[EventDate "2011.??.??"]
[WhiteTeam "SK Neumarkt e.V."]
[BlackTeam "SK Klosterlechfeld"]

1. e4 {[%emt 0:00:00]} c5 2. Nc3 Nc6 3. f4 d6 4. Nf3 e6 5. Be2 Bd7 6. O-O g6 7.
d3 a6 8. Be3 b6 9. Qe1 Nge7 10. Qg3 Bg7 11. Rf2 Nb4 12. Bd1 d5 13. exd5 Nf5 14.
Qg5 Qxg5 15. Nxg5 Nxe3 16. a3 Bxc3 17. dxe6 Bxe6 18. bxc3 Nxd1 19. Rxd1 Nd5 20.
Re1 Nxc3 21. Nxe6 fxe6 22. Rxe6+ Kd7 23. Rxb6 Rhb8 24. Rb3 Rxb3 25. cxb3 Rb8
26. Rb2 Kd6 27. Kf2 Nd1+ 28. Kf3 Nxb2 29. g4 Rxb3 30. Ke4 Rxd3 31. h4 c4 32. h5
c3 33. hxg6 hxg6 34. f5 gxf5+ 35. gxf5 c2 36. a4 c1=Q 37. f6 Qf1 38. a5 Qf3#
0-1